Elements of algebra

Saved in:
Bibliographic Details
Main Author: Levi, Howard, 1916-2002
Format: Book
Language:English
Published: New York : Chelsea Publishing Company, 1956, c1953
Edition:2η έκδ.
Subjects:
Tags: Add Tag
No Tags, Be the first to tag this record!

MARC

LEADER 00000cam a2200000 a 4500
001 1/107076
008 150622r19561953us | ||| |||| ||eng||
040 |a GR-MyUa  |b gre  |c GR-MyUa  |e AACR2 
041 0 |a eng 
082 7 |a 512.9   |2 (23) 
100 1 |a Levi, Howard,   |d 1916-2002. 
245 1 0 |a Elements of algebra /   |c by Howard Levi. 
250 |a 2η έκδ. 
260 |a New York :   |b Chelsea Publishing Company,   |c 1956, c1953  
300 |a viii, 160 σ. ;   |c 21 εκ.  
650 0 |a Algebra. 
852 |a INST  |b SAMOS  |c MAG  |e 20150622  |h 512.9 LEV  |p 005300035290  |q 005300035290  |t BK  |y 0 
970 |a Σιτζίμη  |b Γιασεμή  |z 22/06/2015